| LEADER |
00893nam0a2200193 450 |
| 001 |
16867240 |
| 010 |
|
|
|a 2-86959-623-5
|b Br.
|d 15
|
| 100 |
|
|
|a 20030331d2003 u u0frey01 ba
|
| 101 |
0 |
|
|a fre
|
| 102 |
|
|
|a FR
|
| 200 |
0 |
|
|a Naufragés du Batavia (Les)
|f Simon Leys
|
| 207 |
|
1 |
|a
|
| 210 |
|
|
|a Paris
|c Arléa
|d 2003
|
| 215 |
|
|
|a 96 p.
|
| 330 |
|
|
|a Récit historique du célèbre naufrage du Batavia en 1629. Les 300 naufragés qui survécurent tombèrent alors sous la coupe de l'un des leurs, un psychopathe à la fois autoritaire, lâche et sanguinaire qui, en 3 mois, réussit à massacrer deux tiers des survivants. Le second récit raconte avec précision une marée estivale à bord d'un thônier breton à voiles.
|
| 700 |
|
0 |
|a Leys
|b Simon
|4 70
|
| 900 |
|
|
|a Roman
|
| 901 |
|
|
|a Adultes
|
| 995 |
|
|
|a Médiathèque
|c Médiathèque
|f 00156003727112
|h 00156003727112
|k R LEY
|o p
|q a
|r az
|e Médiathèque
|